000 00591nam a22001937a 4500
005 20241129142929.0
010 _aENG-142739
020 _c350.00
_a9788174467799
035 _aEN-126271
037 _bDBAD
082 _a338.60954
_21
100 _aRath, A.K.
_974394
245 _aTowards Better Corporate Governance:
_bIndependent Directors in the Boardroom/
_cby A.K. Rath
250 _a1
260 _aNew Delhi
_bExcel Books
_c2010
270 _aA-45, Naraina, Phase I
_bNew Delhi
_e110028
300 _axviii,238p.
_c24cm(pb)
942 _2ddc
_cEN
_h338.60954
_mRAT
999 _c207237
_d207237